000 01727nam a22002657a 4500
999 _c58768
_d58768
003 Ge_BSU
005 20220720115601.0
008 220720s2021ge xxu||||| |||| 00| 0 geo d
020 _a9789941259692
041 _ageo
080 _a94(479.224) ა-93
245 _aაფხაზეთი საქართველოა :
_bისტორიული რაკურსი /
_cპროექტის ხელმძღ. ზურაბ პაპასქირი ; ზურაბ ხონელიძე (კოორდინატორი) [და სხვ].
264 _aთბილისი:
_bსოხუმის სახელმწიფო უნივერსიტეტი,
_c2021.
300 _a702 გვ.:
_b25 სმ.
500 _aნაშრომი მომზადდა შოთა რუსთაველის ეროვნული სამეცნიერო ფონდის საგრანტო პროექტის ფარგლებში
504 _aბიბლიოგრ.გვ: 633-702
546 _aპარალელური თავფურცელი ინგლისურ ენაზე
653 _aაფხაზეთი საქართველოა
653 _aაფხაზეთის ისტორია
653 _aისტორია
700 _aპაპასქირი, ზურაბ
_eპროექტის ხელმძღვანელი
_914448
700 _a ხონელიძე, ზურაბ
_eკოორდინატორი
_914449
710 _aსოხუმის სახელმწიფო უნივერსიტეტი
_925
942 _2udc
_cBK